Kraje europejskie (dla Geomexa) - Statystyki

Ogólne statystyki
  • Ten quiz został rozwiązany 465 razy
  • Średni wynik to 10 z 15
Statystyki odpowiedzi
Wskazówka Kraj % Poprawnych
Największy kraj świata. rosja
100%
Najmniejszy kraj świata. Watykan
95%
Leży pomiędzy Francją a Hiszpanią. Andora
78%
Na terenie tego kraju znajduje się Laponia. Finlandia
73%
Z tego kraju wywodzi się święto św. Patryka. Irlandia
68%
Terytorium tego kraju znajduje się w Ameryce południowej i graniczy z Surinamem. Francja
67%
Niepodległość została tam ogłoszona dopiero w 2008 roku. Kosowo
65%
Znajdują się tam popularne miasta Split i Dubrownik. Chorwacja
64%
Stolicą tego kraju jest Vaduz. Liechtenstein
62%
Jest podzielona na obwody. Ukraina
59%
Najwyższy szczyt tego kraju to Gerlach. Słowacja
58%
Do tego kraju należą wyspy Azory. Portugalia
53%
Na terenie tego kraju leży Naddniestrze próbujące się od niego uniezależnić. Mołdawia
52%
Religią państwową jest luteranizm. Jest to wyspa. Islandia
51%
Człowiek z tego kraju wynalazł kostkę Rubika. Węgry
45%
Nie znaleziono quizów pasujących do podanych kryteriów
Rozkład punktacji
Procent ludzi z każdym wynikiem
Percentyl według liczby udzielonych odpowiedzi
Twoja historia wyników
Nie rozwiązałeś tego quizu